Los fundamentos de la gramática transformacional

Збережено в:
Бібліографічні деталі
Формат: Книга
Мова:Undetermined
Опубліковано: México, Distrito Federal Siglo XXI 1975
Редагування:4
Предмети:
Теги: Додати тег
Немає тегів, Будьте першим, хто поставить тег для цього запису!

MARC

LEADER 00000nam a2200000Ia 4500
008 170316s9999 xx 000 0 und d
090 |a 410 F-10f 
245 |a Los fundamentos de la gramática transformacional 
250 |a 4 
260 |a México, Distrito Federal 
260 |b Siglo XXI 
260 |c 1975 
300 |a 223 páginas 
650 |a LINGÜÍSTICA 
999 |c 18364  |d 18364 
040 |a cru BVZT 
942 |c 15 D  |h 410 F-10f  |2 z